Central Library OPAC University of Rajshahi
Normal view MARC view

Entry Personal Name

Number of records used in: 2

001 - CONTROL NUMBER

  • control field: 18061

003 - CONTROL NUMBER IDENTIFIER

  • control field: BD-RjUL

005 - DATE AND TIME OF LATEST TRANSACTION

  • control field: 20260408111030.0

008 - FIXED-LENGTH DATA ELEMENTS

  • fixed length control field: 260408|| aca||aabn | a|a d

040 ## - CATALOGING SOURCE

  • Original cataloging agency: BD-RjUL
  • Transcribing agency: BD-RjUL

100 ## - HEADING--PERSONAL NAME

  • Personal name: Sarkar, M. C.
  • Fuller form of name: (Mahim Chandra)

670 ## - SOURCE DATA FOUND

  • Source citation: Work cat.: (BD-RjUL)86335: Sarkar, M. C. (Mahim Chandra), author., Sarkar's law of evidence in India, Pakistan, Bangladesh, Burma, Ceylon, Malaysia & Singapore / MC Sarkar, SC Sarkar, PC Sarkar.